Krisna tudatú közösség szerepe a veszteséget érők támogatásában
| Szerző: | |
|---|---|
| További közreműködők: | |
| Dokumentumtípus: | Diplomadolgozat |
| Kulcsszavak: | egyén és közösség Gyász/ veszteségek Krisna tudat pszichológia vallásfilozófia |
| Online Access: | http://dolgozattar.uni-bge.hu/60015 |
MARC
| LEADER | 00000nta a2200000 i 4500 | ||
|---|---|---|---|
| 001 | dolg60015 | ||
| 005 | 20260409145856.0 | ||
| 008 | 260409suuuu hu om 000 hun d | ||
| 040 | |a BGE Dolgozattár Repozitórium |b hun | ||
| 041 | |a hu | ||
| 100 | 1 | |a Lukács Dorina Fruzsina | |
| 245 | 1 | 0 | |a Krisna tudatú közösség szerepe a veszteséget érők támogatásában |c Lukács Dorina Fruzsina |h [elektronikus dokumentum] |
| 520 | 3 | |a E kutatás közvetlen célja, hogy részletesen feltárjam, milyen módszerekkel támogatja a Krisna-tudatú közösség azokat az embereket, akik különböző típusú veszteségekkel, például válással, szerettük elvesztésével, magzati veszteséggel vagy öngyilkosság okozta gyásszal küzdenek. A cél az, hogy mélyebb megértést nyújtson a kutatás arról, hogyan ötvözik a Krisna-tudat tanításait, rituáléit és közösségi gyakorlatát a lelki és gyakorlati segítségnyújtásban. A kutatás nemcsak az alkalmazott módszerek sokféleségét kívánja feltárni – például közösségi támogatás, meditáció, imák vagy filozófiai iránymutatások –, hanem azt is, hogy ezek milyen hatást gyakorolnak az érintettek érzelmi feldolgozási folyamatára, lelki stabilitására és mindennapi életminőségére. Kiemelt figyelmet fordít arra, hogy a támogatás hogyan segíti elő az elfogadást, a veszteséggel való megbékélést és az újrakezdést. | |
| 695 | |a egyén és közösség | ||
| 695 | |a Gyász/ veszteségek | ||
| 695 | |a Krisna tudat | ||
| 695 | |a pszichológia | ||
| 695 | |a vallásfilozófia | ||
| 700 | 1 | |a Takács Dr. Edit |e ths | |
| 856 | 4 | 0 | |u http://dolgozattar.uni-bge.hu/60015/1/Szakdolgozat_Luk%C3%A1cs_Dorina_Fruzsina.pdf |z Dokumentum-elérés |
| 856 | 4 | 0 | |u http://dolgozattar.uni-bge.hu/60015/2/K%C3%A9rd%C5%91%C3%ADv_k%C3%A9rd%C3%A9sek.pdf |z Dokumentum-elérés |
| 856 | 4 | 0 | |u http://dolgozattar.uni-bge.hu/60015/3/Luk%C3%A1cs%20Dorina%20b%C3%ADr%C3%A1lat%20Farkas.pdf |z Dokumentum-elérés |
| 856 | 4 | 0 | |u http://dolgozattar.uni-bge.hu/60015/4/Luk%C3%A1cs%20Dorina%20Fruzsina%20konzulens_b%C3%ADr%C3%A1lat_Tak%C3%A1csEdit.pdf |z Dokumentum-elérés |